| 000 | 02958cam a2200481 a 4500 | ||
|---|---|---|---|
| 999 |
_c3791 _d3791 |
||
| 001 | ocn757856647 | ||
| 003 | OCoLC | ||
| 005 | 20200722160717.0 | ||
| 006 | m o d | ||
| 007 | cr cn||||||||| | ||
| 008 | 110826s2011 enk fob 001 0 eng c | ||
| 020 |
_a0191729485 _q(ebook) |
||
| 020 |
_a9780191729485 _q(ebook) |
||
| 020 | _z9780199602193 | ||
| 020 | _z0199602190 | ||
| 035 | _a(OCoLC)757856647 | ||
| 040 |
_aStDuBDS _beng _epn _cTZ-ArACH _dILI |
||
| 042 | _apcc | ||
| 049 | _aTZAA | ||
| 050 | 4 |
_aKZ7170 _b.O68 |
|
| 082 | 0 | 4 |
_a341.48 _223 |
| 245 | 0 | 4 |
_aOptional Protocol to the UN Convention Against Torture / _cRachel Murray [and others]. |
| 260 |
_aOxford : _bOxford University Press, _c2011. |
||
| 300 | _axx, 241 pages | ||
| 504 | _aIncludes bibliographical references and index. | ||
| 505 | 0 | _aThe origins and background of OPCAT -- Drafting OPCAT : towards deadlock : 1991-2000 -- The text of OPCAT -- The scope of OPCAT -- The role of the Subcommittee on Prevention on Torture (SPT) -- The role of NPMs -- OPCAT within the broader UN and regional systems -- Regional trends toward ratification and implementation of OPCAT -- Conclusion: Emerging trends and the future of OPCAT. | |
| 520 | 8 | _aThe Optional Protocol to the United Nations Convention Against Torture was adopted in 2002 and provides for the establishment of national preventive mechanisms to stop torture from happening. This work sets out the powers of these mechanisms, their role within the international framework against torture, and suggests best practices. | |
| 610 | 2 | 0 |
_aUnited Nations. _bCommittee against Torture. _914944 |
| 610 | 2 | 7 |
_aUnited Nations. _bCommittee against Torture. _2fast _914944 |
| 630 | 0 | 0 |
_aConvention against Torture and Other Cruel, Inhuman, or Degrading Treatment or Punishment _d(1984 December 10). _kProtocols, etc. _d(2002 December 18) |
| 630 | 0 | 7 |
_aConvention against Torture and Other Cruel, Inhuman, or Degrading Treatment or Punishment. _2fast |
| 650 | 0 | _aTorture (International law) | |
| 650 | 0 |
_aTorture _xPrevention. |
|
| 650 | 7 |
_aTorture (International law) _2fast |
|
| 650 | 7 |
_aTorture _xPrevention. _2fast |
|
| 700 | 1 |
_aMurray, Rachel _q(Rachel H.) |
|
| 776 | 0 | 8 |
_iPrint version: _aMurray, Rachel. _tOptional Protocol to the UN Convention Against Torture. _dOxford ; New York : Oxford University Press, 2011 _z9780199602193 _w(OCoLC)714724968 |
| 856 | 4 | 0 |
_3Oxford Scholarship Online _uhttp://dx.doi.org/10.1093/acprof:oso/9780199602193.001.0001 |
| 856 | 4 | 0 |
_3Oxford Scholarship Online _uhttp://www.oxfordscholarship.com/view/10.1093/acprof:oso/9780199602193.001.0001/acprof-9780199602193 |
| 856 | 4 | 0 |
_zFull-text _uhttp://ezproxy.eui.eu/login?url=http://dx.doi.org/10.1093/acprof:oso/9780199602193.001.0001 |
| 856 | 4 | 0 |
_uhttp://mutex.gmu.edu/login?url=http://dx.doi.org/10.1093/acprof:oso/9780199602193.001.0001 _zOnline resource available to Mason students, faculty, staff, and onsite patrons. |
| 942 |
_2lcc _cBOOK |
||